000 00642nam a2200253Ia 4500
003 OSt
005 20220918205859.0
006 a|||||r|||| 00| 0
007 ta
008 220917b |||||||| |||| 00| 0 eng d
024 _a118,311
037 _cTextual
040 _aARTS
_cARTS
_beng
041 _2eng
_aeng
082 _aV654.N7, L7
100 _aArnold Guy
_915474
245 0 _aModern Nigeria
260 _aLondon
_bLongman
_c1977
300 _axiii, 192p. illus
_ccm.
500 _aAppendix p173-185 (1-8)
650 _aHISTORY
942 _hV654.N7, L7
_cTEXL
_2CC
999 _c241581
_d241581